000 00632nam a2200205 i 4500
001 91495
003 ES-MaACL
005 20230906180731.0
007 t|
008 050131s1957 sp ||||1| spa d
100 1 _aLewis, Cecil Day.
_972042
245 1 4 _aLos toneles de la muerte /
_cNicholas Blake (seud.) ; traducción de Juan Angel Cotta.
260 _aBarcelona, etc. :
_bE.D.H.A.S.A.,
_c[1957] (
_fEmecé)
300 _a267 p. ;
_c18 cm.
490 1 _aEl Séptimo sello
700 1 _aCotta, Juan Angel.
_941186
830 0 _aEl Séptimo sello
_9231985
852 _aES-MaACL
_jC-13939
_bR.41656
999 _c91495
_d91495